| 000 | 00358 a2200157 4500 | ||
|---|---|---|---|
| 020 | _a8177220918 | ||
| 082 | _a005.1 | ||
| 090 |
_c3686 _d3686 |
||
| 100 | _aShilmover,Barry | ||
| 245 |
_aIEAK 5 _cBarry Shilmover |
||
| 250 | _a1st | ||
| 260 |
_aNew Delhi _bDreamtech Press _c2000 |
||
| 300 | _a369p | ||
| 500 | _aPaper cover | ||
| 942 |
_aNBS _cBK _k005.1 SHI |
||
| 999 |
_c346152 _d346152 |
||